000 00460nam a2200109Ia 4500
008 220620s9999||||xx |||||||||||||| ||und||
245 0 _aRoutledge Handbook on the UN and Development
546 _aEnglish[eng]
650 _adevelopment||development challenges||global governance||international relations||migration||peace-building||sustainable development goals||the UN||the world bank||JP||JPS||JPWH
700 _aBrowne, Stephen||Weiss, Thomas G.
942 _cEB
999 _c33314
_d33314